| 000 | 00464nam a22001817a 4500 | ||
|---|---|---|---|
| 003 | NUST - PNEC | ||
| 005 | 20170116180847.0 | ||
| 008 | 150824b xxu||||| |||| 00| 0 eng d | ||
| 020 | _a0851127096 | ||
| 040 | _cLIBRARY | ||
| 082 | _a910.21 GUI | ||
| 100 |
_95484 _aGuinness Publishing |
||
| 245 |
_aThe Guinness world data book. _cGuinness Publishing |
||
| 250 | _aSecond Edition | ||
| 260 | _cc.1993 | ||
| 650 |
_95487 _aAlmanacs _xGeneral |
||
| 942 |
_2ddc _cBK |
||
| 999 |
_c64482 _d64482 |
||